000
00215nam a22000857a 4500
008
170201b xxu||||| |||| 00| 0 eng d
100
_9
2729
_a
Aroras
245
_a
Classic Tales for Children
260
_a
New delhi
_b
APC
_c
2012
999
_c
5896
_d
5896